000 00715 a2200193 4500
001 61629
005 20260407155906.0
008 260407a1957 arg spa d
003 AR-UNSa-BCEJYS
040 _aAR-UNSa-BCEJYS
_bspa
_cAR-UNSa-BCEJYS
080 _a347.447
_xEfectos de los contratos. Responsabilidad y obligación. Cumplimiento
245 1 0 _aResponsabilidad precontractual
_pEvolución de la doctrina. Ensayo de un sistema de responsabilidad precontractual en el derecho argentino. Derecho comparado
264 1 _aBuenos Aires :
_bVíctor P. de Zavalía
_c1957
300 _a142 p.
_c27 cm.
041 _aspa
942 _cBK
590 _aniveau_biblio:m niveau_hierar:0
100 1 _aBrebbia, Roberto H.
999 _c7347
_d7347